[Event "ch-FRA Blitz Online Qual"]
[Site "Europe-Chess INT"]
[Date "2020.05.16"]
[Round "4"]
[White "Le Huec, Marc"]
[Black "Di Nicolantonio, Lucas"]
[Result "1/2-1/2"]
[BlackTitle "IM"]
[WhiteElo "2213"]
[BlackElo "2414"]
[WhiteFideId "624829"]
[BlackFideId "680460"]
[EventDate "2020.05.16"]

1. d4 g6 2. e4 Bg7 3. c4 d6 4. Nc3 e5 5. Nge2 Nc6 6. Be3 Nh6 7. h3 f5 8. dxe5
Nxe5 9. Nd4 O-O 10. exf5 Nxf5 11. Nxf5 Bxf5 12. Be2 Qd7 13. Qd2 Qc6 14. Qd5+
Qxd5 15. Nxd5 Rf7 16. O-O-O Re8 17. Rhe1 Be4 18. Bf1 h6 19. f3 Bxd5 20. cxd5
Rfe7 21. Bd2 g5 22. Re4 Nd7 23. Bb5 Rxe4 24. fxe4 Re7 25. Bxd7 Rxd7 26. Kc2 Rf7
27. Be3 Re7 28. Kd3 b6 29. b3 Rf7 30. Ke2 Be5 31. Rf1 Re7 32. Kd3 Kg7 33. Rf5
Kg6 34. Rf3 h5 35. Rf5 Bf6 36. g3 Rh7 37. Bd4 Bxd4 38. Kxd4 g4 39. h4 Re7 40.
Rg5+ Kh6 41. Rf5 Kg6 42. Rg5+ Kh6 43. Rf5 Kg6 1/2-1/2

[Event "ch-FRA Blitz Online Qual"]
[Site "Europe-Chess INT"]
[Date "2020.05.16"]
[Round "4"]
[White "Rakotomaharo, Fy Antenaina"]
[Black "Alvin, Leo"]
[Result "1-0"]
[WhiteTitle "IM"]
[WhiteElo "2422"]
[BlackElo "2025"]
[WhiteFideId "13100050"]
[BlackFideId "695645"]
[EventDate "2020.05.16"]

1. e4 c5 2. Nf3 g6 3. d4 cxd4 4. Nxd4 Nc6 5. c4 Nf6 6. Nc3 Nxd4 7. Qxd4 d6 8. f3
Bg7 9. Be3 O-O 10. Qd2 Be6 11. Be2 Qa5 12. Rc1 Rfc8 13. b3 a6 14. Na4 Qxd2+ 15.
Kxd2 Nd7 16. Rhd1 Rc6 17. f4 f5 18. exf5 gxf5 19. Bf3 Rc7 20. Nb6 Rb8 21. Nd5
Bxd5 22. Bxd5+ Kh8 23. h3 Nc5 24. g4 e6 25. Bxc5 dxc5 26. Bxe6 fxg4 27. hxg4 Re8
28. f5 Bh6+ 29. Kc3 Bxc1 30. Rxc1 Rg7 31. Rg1 Rg5 32. Kd3 Kg7 33. Ke4 Rd8 34.
Ke5 Rd4 35. b4 Rgxg4 36. Rxg4+ Rxg4 37. f6+ Kf8 38. Bxg4 1-0

[Event "ch-FRA Blitz Online Qual"]
[Site "Europe-Chess INT"]
[Date "2020.05.16"]
[Round "4"]
[White "Eden, James"]
[Black "Brunner, Nicolas"]
[Result "1-0"]
[WhiteTitle "IM"]
[BlackTitle "IM"]
[WhiteElo "2330"]
[BlackElo "2428"]
[WhiteFideId "666491"]
[BlackFideId "620246"]
[EventDate "2020.05.16"]

1. e4 c5 2. Nf3 e6 3. c3 d5 4. exd5 Qxd5 5. d4 Nf6 6. Be3 cxd4 7. cxd4 Bb4+ 8.
Nc3 O-O 9. Bd3 b6 10. O-O Bxc3 11. bxc3 Ba6 12. Bxa6 Nxa6 13. Ne5 Rac8 14. Qd3
Qb7 15. a4 Rfd8 16. a5 Nc5 17. Qb5 Nce4 18. c4 Nd7 19. axb6 axb6 20. Nxd7 Qxd7
21. Qxb6 Rxc4 22. Ra7 Qe8 23. Rfa1 Rdc8 24. h3 h6 25. Kh2 Nc3 26. Qd6 Nb5 27.
Qg3 Nxa7 28. Bxh6 Qf8 29. Rxa7 Rxd4 30. Ra5 Rd5 31. Ra4 f6 32. Ra7 Rg5 33. Bxg5
fxg5 34. Qxg5 Rc2 35. f4 Rf2 36. Kg3 Re2 37. h4 Re3+ 38. Kh2 Re2 39. h5 Re4 40.
g3 Re2+ 41. Kh3 Re1 42. Kg4 Rh1 43. Qg6 Kh8 44. Qg5 Qg8 45. Rd7 Qf8 46. Rd8 Qxd8
47. Qxd8+ Kh7 48. Qg5 Rb1 49. Qg6+ Kh8 50. Qxb1 1-0

[Event "ch-FRA Blitz Online Qual"]
[Site "Europe-Chess INT"]
[Date "2020.05.16"]
[Round "4"]
[White "Colin, Vincent"]
[Black "Mekhane, Adam"]
[Result "1-0"]
[WhiteTitle "IM"]
[WhiteElo "2372"]
[BlackElo "2013"]
[WhiteFideId "612324"]
[BlackFideId "36050601"]
[EventDate "2020.05.16"]

1. e4 c5 2. Nf3 Nc6 3. Bb5 g6 4. O-O Bg7 5. c3 Nf6 6. Re1 O-O 7. h3 d5 8. e5 Ne8
9. d4 cxd4 10. cxd4 Nc7 11. Bxc6 bxc6 12. b3 Ne6 13. Ba3 Bb7 14. Nc3 c5 15. Bxc5
Nxc5 16. dxc5 Qa5 17. Qd4 Rad8 18. b4 Qc7 19. Rad1 f6 20. e6 f5 21. Ne5 Rf6 22.
Nb5 Qc8 23. Nxa7 Qxe6 24. c6 Ba8 25. c7 Rdf8 26. c8=Q Rxc8 27. Nxc8 Qxc8 28. Rc1
Qd8 29. Qa7 Re6 30. f4 d4 31. Qa5 Qe8 32. Rcd1 h6 33. Rxd4 Kh7 34. Rd2 Qc8 35.
Rde2 Qb7 36. a4 Rd6 37. Qc5 h5 38. b5 Rd5 39. Qc6 Qb8 40. Qxg6+ Kg8 41. Qf7+ Kh7
42. Qxh5+ Kg8 43. Qf7+ Kh8 44. Ng6+ Kh7 45. Nxe7 Qa7+ 46. Kh2 Rd6 47. Qxf5+ Kh8
48. Qh5+ Rh6 49. Qe8+ Kh7 50. Qg8# 1-0

[Event "ch-FRA Blitz Online Qual"]
[Site "Europe-Chess INT"]
[Date "2020.05.16"]
[Round "4"]
[White "Pottier, Simeon"]
[Black "Debray, Christopher"]
[Result "0-1"]
[BlackTitle "IM"]
[WhiteElo "2186"]
[BlackElo "2376"]
[WhiteFideId "26069296"]
[BlackFideId "630810"]
[EventDate "2020.05.16"]

1. d4 d5 2. c4 dxc4 3. Nf3 Nf6 4. e3 Be6 5. Na3 c5 6. Nxc4 Bd5 7. Be2 e6 8. O-O
Nc6 9. Nfe5 cxd4 10. exd4 Be7 11. Nxc6 bxc6 12. Bf4 O-O 13. Rc1 c5 14. dxc5 Bxc5
15. Ne5 Qb6 16. Bg5 Rfd8 17. Bxf6 gxf6 18. Ng4 Kg7 19. Qd2 Bf8 20. Qh6+ Kh8 21.
Qxf6+ Bg7 22. Qg5 Qxb2 23. Bd3 Bxg2 24. Kxg2 Rxd3 25. Rc7 Rd5 26. Qh4 Rf8 27.
Rfc1 Rd4 28. Rc8 Qb4 29. Rxf8+ Qxf8 30. Nf6 Rxh4 0-1

[Event "ch-FRA Blitz Online Qual"]
[Site "Europe-Chess INT"]
[Date "2020.05.16"]
[Round "4"]
[White "Kollar, Romain"]
[Black "Jolly, Jean-Francois"]
[Result "1/2-1/2"]
[BlackTitle "IM"]
[WhiteElo "2205"]
[BlackElo "2378"]
[WhiteFideId "36017981"]
[BlackFideId "634751"]
[EventDate "2020.05.16"]

1. e4 e5 2. Nf3 Nc6 3. d4 exd4 4. Bc4 Bc5 5. c3 Nf6 6. cxd4 Bb4+ 7. Nbd2 Nxe4 8.
d5 Ne7 9. O-O Nxd2 10. Bxd2 Bxd2 11. d6 cxd6 12. Qxd2 d5 13. Bxd5 Nxd5 14. Qxd5
O-O 15. Rfe1 d6 16. Nd4 Qf6 17. Rac1 Be6 18. Nxe6 fxe6 19. Qxe6+ Qxe6 20. Rxe6
Rac8 21. Rxc8 Rxc8 22. g3 Rc2 23. Rxd6 Rxb2 24. Rd7 h5 25. Kg2 Kh7 26. a4 Kg6
27. h4 Kf6 28. Kf3 g6 29. a5 Rb5 30. a6 bxa6 31. Rxa7 Rb6 32. Ke4 Rb4+ 33. Kf3
Rb6 34. Ke4 Rd6 35. Kf4 Re6 36. Rb7 Rc6 37. Ra7 Rb6 38. Ke4 1/2-1/2

[Event "ch-FRA Blitz Online Qual"]
[Site "Europe-Chess INT"]
[Date "2020.05.16"]
[Round "4"]
[White "Bregnac, Tristan"]
[Black "Laurent-Paoli, Pierre"]
[Result "0-1"]
[BlackTitle "FM"]
[WhiteElo "2047"]
[BlackElo "2402"]
[WhiteFideId "36017825"]
[BlackFideId "26017962"]
[EventDate "2020.05.16"]

1. e4 Nc6 2. d4 d5 3. e5 f6 4. exf6 exf6 5. Nf3 Bg4 6. Be2 Qd7 7. O-O O-O-O 8.
a3 h5 9. b4 g5 10. b5 Na5 11. Nbd2 Bd6 12. Nb3 Nxb3 13. cxb3 Bxf3 14. Bxf3 Qxb5
15. Be3 Ne7 16. a4 Qd7 17. Qd2 g4 18. Be2 Nf5 19. Bf4 Rhe8 20. Bb5 c6 21. Bxd6
Nxd6 22. Bd3 Ne4 23. Qf4 Qd6 24. Qf5+ Qe6 25. Qf4 f5 26. Rac1 Rf8 27. b4 Qd6 28.
Qe3 f4 29. Qe1 Rde8 30. Qd1 Kb8 31. b5 cxb5 32. axb5 f3 33. g3 h4 34. Re1 hxg3
35. hxg3 Nxg3 36. Rxe8+ Rxe8 37. fxg3 Qxg3+ 38. Kf1 Qg2# 0-1

[Event "ch-FRA Blitz Online Qual"]
[Site "Europe-Chess INT"]
[Date "2020.05.16"]
[Round "4"]
[White "Pichon, Ewen"]
[Black "Degraeve, Remy"]
[Result "1-0"]
[BlackTitle "FM"]
[WhiteElo "1821"]
[BlackElo "2328"]
[WhiteFideId "45155593"]
[BlackFideId "26024560"]
[EventDate "2020.05.16"]

1. d4 Nf6 2. c4 g6 3. Nc3 d5 4. cxd5 Nxd5 5. e4 Nxc3 6. bxc3 Bg7 7. Nf3 c5 8.
Be3 Qa5 9. Qd2 Nc6 10. Rc1 cxd4 11. cxd4 Qxd2+ 12. Kxd2 O-O 13. Bb5 Nxd4 14.
Bxd4 Rd8 15. Kc3 Bh6 16. Be3 Bg7+ 17. Kb3 Be6+ 18. Bc4 Rd3+ 19. Ka4 Bd7+ 20. Bb5
Bb2 21. Bxd7 Bxc1 22. Rxc1 Rxd7 23. Ne5 Rd6 24. Rc7 Re6 25. Nf3 Rxe4+ 26. Kb3 b6
27. Nd4 Rg4 28. g3 e6 29. f3 Rxd4 30. Bxd4 a6 31. a4 Rd8 32. Bxb6 Rd3+ 33. Rc3
Rxf3 34. Rxf3 1-0

[Event "ch-FRA Blitz Online Qual"]
[Site "Europe-Chess INT"]
[Date "2020.05.16"]
[Round "4"]
[White "Edouard, Romain"]
[Black "Macon, Arthur"]
[Result "1-0"]
[WhiteTitle "GM"]
[BlackTitle "FM"]
[WhiteElo "2649"]
[BlackElo "2310"]
[WhiteFideId "633429"]
[BlackFideId "20654707"]
[EventDate "2020.05.16"]

1. d4 Nf6 2. c4 e6 3. Nc3 d5 4. Nf3 Be7 5. Bf4 O-O 6. Rc1 c6 7. e3 Nbd7 8. Bd3
dxc4 9. Bxc4 b5 10. Bd3 Bb7 11. O-O a6 12. Ne4 Nxe4 13. Bxe4 Rc8 14. Ne5 Nxe5
15. Bxe5 Qd7 16. Qh5 f5 17. Bf3 c5 18. dxc5 Rxc5 19. Rcd1 Qc8 20. Bd6 Bxd6 21.
Rxd6 Bxf3 22. Qxf3 Rd8 23. Rxd8+ Qxd8 24. g3 Qd5 25. Qf4 Qe5 26. Qh4 Qf6 27. Qh5
g6 28. Qf3 Qe5 29. Qa8+ Kg7 30. Qxa6 Qc7 31. b4 Rc1 32. Qxb5 Rxf1+ 33. Kxf1 Qc1+
34. Kg2 Qd2 35. a4 g5 36. a5 h6 37. a6 f4 38. gxf4 gxf4 39. Qe5+ Kh7 40. Qxf4
Qd5+ 41. e4 Qa8 42. Qf7+ Kh8 43. Qb7 Qg8+ 44. Kf3 Qf8+ 45. Ke3 e5 46. a7 Qf4+
47. Kd3 Qf3+ 48. Kc4 Qe2+ 49. Kc5 Qxf2+ 50. Kc6 Qc2+ 51. Kd7 Qd3+ 52. Ke8 Qd6
53. a8=Q Qe6+ 54. Qe7 Qg8+ 55. Qf8 1-0

[Event "ch-FRA Blitz Online Qual"]
[Site "Europe-Chess INT"]
[Date "2020.05.16"]
[Round "4"]
[White "Zachary, Matheo"]
[Black "Guseinov, Gadir"]
[Result "0-1"]
[WhiteTitle "FM"]
[BlackTitle "GM"]
[WhiteElo "2334"]
[BlackElo "2665"]
[WhiteFideId "26024691"]
[BlackFideId "13401378"]
[EventDate "2020.05.16"]

1. e4 c5 2. Nf3 g6 3. c3 d5 4. e5 Nc6 5. d4 cxd4 6. cxd4 Bg4 7. Nbd2 Qa5 8. Be2
Bxf3 9. Bxf3 Nxd4 10. O-O e6 11. Nb3 Nxb3 12. Qxb3 Qb6 13. Be3 Qxb3 14. axb3 a6
15. Rfc1 Bg7 16. Bd4 Ne7 17. Rc7 Nc6 18. Bc5 Bf8 19. Bd6 Bxd6 20. exd6 O-O 21.
Rxb7 Rfd8 22. d7 Ne5 23. Be2 Rxd7 24. Rb6 Rc7 25. b4 Rc2 26. Bxa6 Rxb2 27. Rc1
Nd7 28. Rd6 Rxb4 29. Rxd7 Rxa6 30. h4 Rxh4 31. g3 Rh5 32. g4 Rg5 33. f3 Ra8 0-1

[Event "ch-FRA Blitz Online Qual"]
[Site "Europe-Chess INT"]
[Date "2020.05.16"]
[Round "4"]
[White "Velten, Paul"]
[Black "Maisuradze, Nino"]
[Result "1-0"]
[WhiteTitle "GM"]
[BlackTitle "WGM"]
[WhiteElo "2480"]
[BlackElo "2214"]
[WhiteFideId "681091"]
[BlackFideId "13601717"]
[EventDate "2020.05.16"]

1. d4 d5 2. c4 e6 3. Nf3 Nf6 4. Nc3 Be7 5. Bf4 O-O 6. a3 b6 7. e3 Bb7 8. cxd5
Nxd5 9. Nxd5 Bxd5 10. Bd3 c5 11. dxc5 Bxc5 12. Bxh7+ Kxh7 13. Ng5+ Kg6 14. Qg4
f5 15. Qg3 Kf6 16. b4 Bxb4+ 17. axb4 Nc6 18. b5 e5 19. Nh7+ Ke6 20. Bg5 Qd6 21.
Nxf8+ Rxf8 22. O-O Na5 23. Rfd1 Rc8 24. e4 1-0

[Event "ch-FRA Blitz Online Qual"]
[Site "Europe-Chess INT"]
[Date "2020.05.16"]
[Round "4"]
[White "Bellahcene, Bilel"]
[Black "Devallee, Jeremie"]
[Result "1-0"]
[WhiteTitle "GM"]
[BlackTitle "FM"]
[WhiteElo "2501"]
[BlackElo "2230"]
[WhiteFideId "696358"]
[BlackFideId "665240"]
[EventDate "2020.05.16"]

1. e4 e5 2. Nf3 Nc6 3. Bb5 Nge7 4. Nc3 a6 5. Bc4 h6 6. d4 exd4 7. Nxd4 g6 8. Be3
Bg7 9. Nxc6 dxc6 10. Qxd8+ Kxd8 11. Bxf7 Bd7 12. O-O-O Kc8 13. f3 Rf8 14. Bb3 b6
15. Ne2 c5 16. Kb1 g5 17. h4 g4 18. f4 Bc6 19. Ng3 Kb7 20. Be6 Bd4 21. Bxd4 cxd4
22. f5 Rad8 23. Rd2 Be8 24. e5 c5 25. Re1 Bc6 26. h5 Bd5 27. f6 Nc6 28. Bf5 Rde8
29. Rde2 Be6 30. Bg6 Rd8 31. a3 c4 32. Nf5 b5 33. Nxh6 d3 34. cxd3 cxd3 35. Rd2
Bc4 36. Be4 Kb6 37. Bxc6 Kxc6 38. Nxg4 Be6 39. Ne3 Rd4 40. Rh1 Re4 41. Rxd3 Rxe5
42. h6 Bf7 43. Rc3+ Kd7 44. Ka1 Rh8 45. Nc2 Bc4 46. Re3 Rf5 47. g4 Rxf6 48. g5
Rg6 49. Rg3 Rh7 50. Rhg1 a5 51. Ne3 Be6 52. Ng4 Kd6 53. Nf6 Rxf6 54. gxf6 Rxh6
55. Rf3 Rh7 56. Rd1+ Kc6 57. Rf2 a4 58. Kb1 Rf7 59. Kc1 Bc4 60. Rd4 Kc5 61. Rdf4
Kd6 62. Kd2 Ke6 63. Rxc4 bxc4 64. Kc3 Kd5 65. Rf1 Ke5 66. Kxc4 1-0

[Event "ch-FRA Blitz Online Qual"]
[Site "Europe-Chess INT"]
[Date "2020.05.16"]
[Round "4"]
[White "Demuth, Adrien"]
[Black "Pigeat, Alexandre"]
[Result "1-0"]
[WhiteTitle "GM"]
[BlackTitle "FM"]
[WhiteElo "2492"]
[BlackElo "2293"]
[WhiteFideId "642274"]
[BlackFideId "20649444"]
[EventDate "2020.05.16"]

1. Nf3 d5 2. g3 Nf6 3. Bg2 Bg4 4. O-O Qc8 5. c4 c6 6. cxd5 Nxd5 7. Nc3 Nxc3 8.
bxc3 Bh3 9. Bxh3 Qxh3 10. Qb3 Qc8 11. Rb1 b6 12. d4 e6 13. e4 Be7 14. Be3 h5 15.
d5 h4 16. dxe6 Qxe6 17. Qxe6 fxe6 18. Rfd1 c5 19. Ne5 Bf6 20. Ng6 Rh7 21. Rd6
Nd7 22. e5 1-0

[Event "ch-FRA Blitz Online Qual"]
[Site "Europe-Chess INT"]
[Date "2020.05.16"]
[Round "4"]
[White "Degardin, Sylvain"]
[Black "Parligras, Mircea-Emilian"]
[Result "1-0"]
[BlackTitle "GM"]
[WhiteElo "2267"]
[BlackElo "2591"]
[WhiteFideId "20623070"]
[BlackFideId "1204297"]
[EventDate "2020.05.16"]

1. e4 c5 2. Nf3 d6 3. d4 cxd4 4. Nxd4 Nf6 5. Nc3 a6 6. h3 e6 7. g4 Be7 8. g5
Nfd7 9. h4 b5 10. a3 Bb7 11. Rh3 Nc6 12. Be3 Rc8 13. Nxc6 Bxc6 14. Qd4 O-O 15.
f4 e5 16. Qd2 exf4 17. Bxf4 Ne5 18. O-O-O Qb6 19. Kb1 a5 20. Nd5 Bxd5 21. exd5
b4 22. a4 Nc4 23. Bxc4 Rxc4 24. Re1 Bd8 25. h5 Qc5 26. h6 g6 27. Be3 Qc8 28. Rf3
Re4 29. Ref1 Qg4 30. Qf2 Qd7 31. Bd4 Bxg5 32. Bg7 f5 33. Bxf8 Kxf8 34. Re1 Rxe1+
35. Qxe1 Bxh6 36. Qh4 Bg7 37. Qxh7 Qf7 38. Qh4 Qxd5 39. Qd8+ Kf7 40. Qd7+ Kg8
41. Qe8+ Kh7 42. Rh3+ Bh6 43. Qe7+ Kg8 44. Rxh6 Qd1+ 45. Ka2 Qd5+ 46. b3 1-0

[Event "ch-FRA Blitz Online Qual"]
[Site "Europe-Chess INT"]
[Date "2020.05.16"]
[Round "4"]
[White "Wirig, Anthony"]
[Black "Daeschler, Florian"]
[Result "1-0"]
[WhiteTitle "GM"]
[BlackTitle "FM"]
[WhiteElo "2499"]
[BlackElo "2322"]
[WhiteFideId "615013"]
[BlackFideId "20678193"]
[EventDate "2020.05.16"]

1. d4 d5 2. Nf3 Nf6 3. Bg5 Nbd7 4. Nbd2 e6 5. e3 Be7 6. Bd3 b6 7. O-O Bb7 8. c3
O-O 9. Qe2 c5 10. Bxf6 Nxf6 11. Ne5 Rc8 12. f4 Ne4 13. Rad1 Qc7 14. Ba6 Nxd2 15.
Rxd2 c4 16. Bb5 f6 17. Nf3 Bc6 18. Bxc6 Qxc6 19. g4 b5 20. a3 a5 21. Qe1 b4 22.
axb4 axb4 23. Rg2 Kh8 24. g5 Ra8 25. Qh4 Ra2 26. Qh5 bxc3 27. bxc3 Rxg2+ 28.
Kxg2 Kg8 29. g6 hxg6 30. Qxg6 Qe8 31. Qg4 Qc6 32. Ra1 Rb8 33. Ra7 Bf8 34. h4 Qb6
35. Rd7 Qc6 36. Ra7 Qb6 37. Ra2 Qc6 38. h5 Rb3 39. h6 Rb7 40. Kh3 Qe8 41. Ra6
Re7 42. Nh4 Kh7 43. Ra2 gxh6 44. Rg2 Rg7 45. Qf3 Rxg2 46. Qxg2 Qf7 47. f5 exf5
48. Qf3 Qg7 49. Qxf5+ Kh8 50. Qxd5 Qg1 51. Qf3 Kg7 52. Qg4+ Qxg4+ 53. Kxg4 Ba3
54. Nf3 Bb2 55. Nd2 Bxc3 56. Nxc4 Bd2 57. e4 Bc3 58. d5 Kf7 59. Ne3 Be5 60. Nf5
Kg6 61. Nh4+ Kf7 62. Kh5 Bf4 63. Nf5 Be3 64. Nxh6+ Ke7 65. Nf5+ Kd7 66. Nxe3 1-0

[Event "ch-FRA Blitz Online Qual"]
[Site "Europe-Chess INT"]
[Date "2020.05.16"]
[Round "4"]
[White "Marcelin, Cyril"]
[Black "Lucas, Arthur"]
[Result "1-0"]
[WhiteTitle "GM"]
[BlackTitle "FM"]
[WhiteElo "2444"]
[BlackElo "2283"]
[WhiteFideId "607274"]
[BlackFideId "26093073"]
[EventDate "2020.05.16"]

1. d4 g6 2. Nf3 Bg7 3. e4 d6 4. Nbd2 a6 5. Bd3 b6 6. O-O Bb7 7. Re1 Nd7 8. c3 e6
9. Nf1 Ne7 10. h4 h6 11. a4 c5 12. Ne3 Qc7 13. Qe2 O-O 14. Ng4 h5 15. Ngh2 e5
16. dxe5 Nxe5 17. Nxe5 dxe5 18. Bc4 Kh7 19. Nf3 f6 20. Nd2 Qd7 21. Nf1 a5 22.
Rd1 Qc7 23. f3 Rad8 24. Be3 Rxd1 25. Rxd1 Rd8 26. Bf2 Bh6 27. Ne3 Rxd1+ 28. Qxd1
Bc6 29. Nd5 Qd6 30. b3 Kg7 31. Qd3 1-0

[Event "ch-FRA Blitz Online Qual"]
[Site "Europe-Chess INT"]
[Date "2020.05.16"]
[Round "4"]
[White "Joie, Sebastien"]
[Black "Cahen, Alexis"]
[Result "1-0"]
[WhiteTitle "IM"]
[WhiteElo "2393"]
[BlackElo "2122"]
[WhiteFideId "650420"]
[BlackFideId "26076918"]
[EventDate "2020.05.16"]

1. d4 Nf6 2. c4 c5 3. d5 b5 4. cxb5 a6 5. e3 g6 6. Nc3 Bg7 7. Nf3 O-O 8. a4 d6
9. e4 axb5 10. Bxb5 Ba6 11. Bg5 Bxb5 12. axb5 Nbd7 13. O-O Rxa1 14. Qxa1 Qa8 15.
h3 h6 16. Be3 Rb8 17. Nd2 Ne8 18. Qa6 Qxa6 19. bxa6 Ra8 20. Ra1 Bxc3 21. bxc3
Nc7 22. a7 Nb5 23. c4 Rxa7 24. Rxa7 Nxa7 25. Bxh6 Nc8 26. Kf1 Ncb6 27. Bf4 Kg7
28. Ke2 Kf6 29. h4 e5 30. Bg5+ Kg7 31. Kd3 f6 32. Be3 f5 33. Bg5 Nf6 34. f3 Kf7
35. Bxf6 Kxf6 36. g4 f4 37. Nb1 Na4 38. Kc2 Nb6 39. Kb3 Ke7 40. Nc3 Kf7 41. Nb5
Ke7 42. h5 gxh5 43. gxh5 Nd7 44. h6 Nf6 45. Ka4 Kf7 46. Nxd6+ Kg6 47. Kb5 Ng4
48. Nf5 Nh2 49. d6 Nxf3 50. d7 Nd4+ 51. Nxd4 1-0

[Event "ch-FRA Blitz Online Qual"]
[Site "Europe-Chess INT"]
[Date "2020.05.16"]
[Round "4"]
[White "Nasuta, Grzegorz"]
[Black "Testud, Philippe"]
[Result "1-0"]
[WhiteTitle "GM"]
[WhiteElo "2558"]
[BlackElo "2123"]
[WhiteFideId "1141686"]
[BlackFideId "611409"]
[EventDate "2020.05.16"]

1. e4 c6 2. d4 d5 3. Nc3 dxe4 4. Nxe4 Bf5 5. Qf3 e6 6. Ne2 Nf6 7. Nxf6+ Qxf6 8.
c3 Bd6 9. Ng3 Bg6 10. Qxf6 gxf6 11. Bh6 Bf8 12. Bxf8 Kxf8 13. h4 h5 14. Be2 Nd7
15. O-O-O Kg7 16. f4 f5 17. Rhe1 Nf6 18. Bf3 Nd5 19. Ne2 Rhd8 20. b3 Rac8 21. c4
Ne3 22. Rd3 Ng4 23. Kb2 Nf2 24. Re3 Ne4 25. Rd1 f6 26. Nc3 Nxc3 27. Kxc3 Bf7 28.
b4 b6 29. Red3 Kf8 30. a4 Ke7 31. Ra1 Kd6 32. a5 Ra8 33. Rd2 Be8 34. Rda2 Rab8
35. axb6 axb6 36. Ra7 e5 37. dxe5+ fxe5 38. fxe5+ Kxe5 39. Re1+ Kf4 40. Rg7 Ra8
41. Rge7 Bd7 42. Rd1 Ra3+ 43. Kb2 Ra7 44. Bxc6 Bxc6 45. Rf1+ Kg3 46. Rg7+ Kh2
47. Rxa7 Rd2+ 48. Kc3 Rxg2 49. Rxf5 Kh3 50. Rxh5 Bf3 51. Rh6 Bg4 52. Rxb6 Rg3+
53. Kd4 Kxh4 54. Rh7+ Bh5 55. Rbh6 Rg4+ 56. Kc3 Rg3+ 57. Kb2 Rg2+ 58. Ka3 Rg3+
59. Ka4 Rg5 60. Rxh5+ Rxh5 61. Rxh5+ Kxh5 62. b5 1-0

[Event "ch-FRA Blitz Online Qual"]
[Site "Europe-Chess INT"]
[Date "2020.05.16"]
[Round "4"]
[White "Philippe, Guillaume"]
[Black "Djidjeli, Sofiane"]
[Result "1-0"]
[WhiteTitle "IM"]
[WhiteElo "2354"]
[BlackElo "2209"]
[WhiteFideId "36048763"]
[BlackFideId "36067520"]
[EventDate "2020.05.16"]

1. f4 d5 2. Nf3 Nf6 3. g3 g6 4. Bg2 Bg7 5. O-O O-O 6. d3 c5 7. c3 Nc6 8. Na3 Re8
9. Qc2 h6 10. e4 dxe4 11. dxe4 e5 12. f5 g5 13. Be3 b6 14. Rad1 Qe7 15. h4 g4
16. Nd2 Bb7 17. Ndc4 Rad8 18. Nb5 Ba6 19. Qa4 Bxb5 20. Qxb5 Rxd1 21. Rxd1 Rd8
22. Rxd8+ Nxd8 23. a4 Nh5 24. Kh2 Bf6 25. Bf2 Ng7 26. a5 bxa5 27. Bxc5 Qc7 28.
Nxa5 Kh7 29. Bf2 Be7 30. Nc4 Nc6 31. Ne3 Na5 32. Nd5 Qd8 33. Nxe7 1-0

[Event "ch-FRA Blitz Online Qual"]
[Site "Europe-Chess INT"]
[Date "2020.05.16"]
[Round "4"]
[White "Riff, Vincent"]
[Black "Rode, Antony"]
[Result "1-0"]
[WhiteTitle "FM"]
[WhiteElo "2405"]
[BlackElo "2055"]
[WhiteFideId "617776"]
[BlackFideId "626236"]
[EventDate "2020.05.16"]

1. e4 d5 2. Nc3 d4 3. Nce2 e5 4. Ng3 Nf6 5. Nf3 Bd6 6. Bc4 O-O 7. d3 Nc6 8. a3
Qe7 9. O-O Be6 10. Nf5 Bxf5 11. exf5 e4 12. Re1 Ne5 13. Nxe5 Qxe5 14. g3 Qxf5
15. dxe4 Nxe4 16. Qxd4 Rfe8 17. Be3 Bc5 18. Qd5 Re5 19. Qxf7+ Qxf7 20. Bxf7+
Kxf7 21. Bxc5 Rxc5 22. Rxe4 Rxc2 23. Rae1 Rd8 24. b4 Rdd2 25. Rf4+ Kg6 26. Re6+
Kg5 27. h4+ Kh5 28. Kg2 g5 29. g4+ Kxh4 30. Rh6# 1-0

[Event "ch-FRA Blitz Online Qual"]
[Site "Europe-Chess INT"]
[Date "2020.05.16"]
[Round "4"]
[White "Migot, Tangi"]
[Black "Cavailles, Evan"]
[Result "1-0"]
[WhiteTitle "IM"]
[WhiteElo "2351"]
[BlackElo "2018"]
[WhiteFideId "662445"]
[BlackFideId "36048445"]
[EventDate "2020.05.16"]

1. e4 c5 2. Nf3 Nc6 3. Bb5 e6 4. Nc3 Nge7 5. O-O a6 6. Bxc6 Nxc6 7. d4 cxd4 8.
Nxd4 Be7 9. Re1 O-O 10. Nxc6 bxc6 11. Qg4 e5 12. Qh5 Bf6 13. Be3 d5 14. Bc5 Re8
15. Rad1 d4 16. Na4 Rb8 17. b3 Qc7 18. c3 Rd8 19. cxd4 exd4 20. e5 Be7 21. Bxd4
Rd5 22. Nc3 Rd8 23. Ne4 Be6 24. Bc5 Rxd1 25. Rxd1 Bd5 26. Bxe7 Qxe7 27. Nd6 Rd8
28. f4 Qe6 29. Qh4 Rd7 30. Re1 Qg6 31. Qg3 Qxg3 32. hxg3 Kf8 33. Kf2 Rd8 34. Ke3
Rb8 35. Re2 Rb4 36. Kd3 a5 37. Kc3 Rb8 38. a3 Ra8 39. a4 Rb8 40. Nc4 Ke7 41.
Nxa5 Rb6 42. Rd2 Rb8 43. Nc4 g6 44. g4 Ke6 45. Rf2 f5 46. g5 Rh8 47. a5 h6 48.
gxh6 Rxh6 49. a6 Rh8 50. Ra2 Ra8 51. a7 Bxc4 52. Kxc4 Kd7 53. Kc5 Kc7 54. Ra6
Kb7 55. Ra4 Kc7 56. b4 Kb7 57. e6 Kc7 58. g3 Kb7 59. e7 Re8 60. a8=Q+ 1-0

[Event "ch-FRA Blitz Online Qual"]
[Site "Europe-Chess INT"]
[Date "2020.05.16"]
[Round "4"]
[White "Fantinel, Thibault"]
[Black "Papadiamandis, Elliot"]
[Result "1/2-1/2"]
[WhiteTitle "IM"]
[WhiteElo "2375"]
[BlackElo "2269"]
[WhiteFideId "663395"]
[BlackFideId "36074160"]
[EventDate "2020.05.16"]

1. e4 c5 2. Nf3 d6 3. Bb5+ Nd7 4. c3 Nf6 5. Qe2 a6 6. Ba4 b5 7. Bc2 Bb7 8. d4
Rc8 9. O-O cxd4 10. cxd4 Rxc2 11. Qxc2 Bxe4 12. Qe2 Bc6 13. Rd1 e6 14. Nc3 Be7
15. Bg5 O-O 16. Rac1 h6 17. Bh4 Qa8 18. d5 Nxd5 19. Nxd5 Bxh4 20. Nc7 Qb7 21.
Nxh4 Qxc7 22. Nf3 Qb6 23. Rxd6 Bxf3 24. Qd2 Qb8 25. Rxd7 Bd5 26. Rcc7 Rc8 27.
Qf4 e5 28. Qxe5 Be6 29. Re7 Rd8 30. h3 Qb6 31. Qe3 Qd6 32. Qg3 Qxg3 33. fxg3 Rd2
34. Ra7 Rxb2 35. Rxa6 Bxa2 36. Re8+ Kh7 37. Rd8 Be6 38. Rb6 b4 39. Rd4 b3 40.
Kh2 Rc2 41. Rdb4 Bd5 42. h4 Rxg2+ 43. Kh3 Rc2 44. R6b5 Be6+ 45. g4 h5 46. Rxh5+
Kg6 47. Rb8 Rc3+ 48. Kh2 Rc2+ 49. Kh3 Rc3+ 50. Kh2 Rc2+ 51. Kh3 1/2-1/2